00851nam a2200217 a 450000100100000000500170001000800410002704000250006808200200009310000310011324500450014426000400018930000200022959000260024965000280027565000310030391000420033495201180037695201240049499900150061800001012820240412074215.0091005s1969 dr r 000 p spa d aDO-SdBNPbspacBNPHU aRD861.44bC957r1 aCruz, Pedro María92512410aRaices iluminadas /cPedro María Cruz. aSanto Domingo :bDel Caribe,c1969. a30 p. ;c24 cm. aInventariado, 2018/BT 0aPoesía dominicana966 0aLiteratura dominicana.967 aValidado. Control de calidad. MMOLINA 0010718PDaPDbPDcHDd2009-10-05iLF1l0oRD861.44 C957rp10128-10r2020-06-25w2020-06-25yLFPDZNo se presta 0010718PDaPDbPDcHDd2015-04-28iLF1l0oRD861.44 C957rp10128-20r2020-06-25te. 2w2020-06-25yLFPDZNo se presta c9887d9887